Capitals Of Monarchies - Sudden Death - Statistics

General Stats
  • This quiz has been taken 31 times
  • The average score is 12 of 20
Answers on the Grid
Answers color-coded by a green-red scale on the quiz's grid according to % correct below.
Thimphu
Bandar Seri Begawan
Phnom Penh
Copenhagen
Mbabane
Tokyo
Amman
Kuwait City
Maseru
Kuala Lumpur
Rabat
Amsterdam
Muscat
Doha
Riyadh
Madrid
Nukuʻalofa
Abu Dhabi
London
Vatican City
Cairo
Jakarta
Tallinn
Sana'a
Lima
Helsinki
New Delhi
Port Vila
San Marino
Bern
Port-of-Spain
Dublin
Beijing
Pyongyang
Rome
Lisbon
Asunción
San Salvador
Mexico City
Abuja
 
Answer Stats
Answer % Correct
United Kingdom London
80%
Spain Madrid
76%
Jordan Amman
72%
Netherlands Amsterdam
72%
Kuwait Kuwait City
72%
Japan Tokyo
72%
Denmark Copenhagen
68%
Qatar Doha
68%
Saudi Arabia Riyadh
64%
Malaysia Kuala Lumpur
60%
Vatican City Vatican City
60%
Eswatini Mbabane
56%
Morocco Rabat
56%
United Arab Emirates Abu Dhabi
52%
Brunei Bandar Seri Begawan
52%
Oman Muscat
52%
Bhutan Thimphu
44%
Lesotho Maseru
40%
Tonga Nukuʻalofa
40%
Cambodia Phnom Penh
36%
No matching quizzes found
Score Distribution
Percent of People with Each Score
Percentile by Number Answered
Your Score History
You have not taken this quiz